Watch your figures / (Record no. 2823)

000 -LEADER
fixed length control field aam a22 a 4500
003 - CONTROL NUMBER IDENTIFIER
control field AKMAL
005 - DATE AND TIME OF LATEST TRANSACTION
control field 20170518111507.0
008 - FIXED-LENGTH DATA ELEMENTS--GENERAL INFORMATION
fixed length control field 170518s1976 si 00 eng d
020 ## - INTERNATIONAL STANDARD BOOK NUMBER
International Standard Book Number 9971404427
040 ## - CATALOGING SOURCE
Original cataloging agency AKMAL
Transcribing agency AKMAL
049 00 - LOCAL HOLDINGS (OCLC)
Holding library bgkklp
050 10 - LIBRARY OF CONGRESS CALL NUMBER
Classification number HF5686.C8
082 04 - DEWEY DECIMAL CLASSIFICATION NUMBER
Classification number 658 PAR
090 20 - LOCALLY ASSIGNED LC-TYPE CALL NUMBER (OCLC); LOCAL CALL NUMBER (RLIN)
Classification number (OCLC) (R) ; Classification number, CALL (RLIN) (NR) 658
Local cutter number (OCLC) ; Book number/undivided call number, CALL (RLIN) PAR
100 1# - MAIN ENTRY--PERSONAL NAME
Personal name Parkinson, C. Northcote
Fuller form of name (Cyril Northcote),
Dates associated with a name 1909-1959
9 (RLIN) 5936
245 10 - TITLE STATEMENT
Title Watch your figures /
Statement of responsibility, etc. C. Northcote Parkinson, M.K. Rustomji ; drawings by R. Chakravarty
260 ## - PUBLICATION, DISTRIBUTION, ETC.
Place of publication, distribution, etc. Singapore :
Name of publisher, distributor, etc. Federal Publications,
Date of publication, distribution, etc. 1983
300 00 - PHYSICAL DESCRIPTION
Extent 142p. :
Other physical details ill. ;
Dimensions 21cm
650 #0 - SUBJECT ADDED ENTRY--TOPICAL TERM
Topical term or geographic name entry element Cost accounting
9 (RLIN) 5964
650 #0 - SUBJECT ADDED ENTRY--TOPICAL TERM
Topical term or geographic name entry element Budget in business
9 (RLIN) 5965
700 1# - ADDED ENTRY--PERSONAL NAME
Personal name Rustomji, M. K.
9 (RLIN) 5958
700 1# - ADDED ENTRY--PERSONAL NAME
Personal name Chakravarthy, R.
9 (RLIN) 5966
942 ## - ADDED ENTRY ELEMENTS (KOHA)
Source of classification or shelving scheme
Koha item type Book
Holdings
Withdrawn status Lost status Source of classification or shelving scheme Damaged status Not for loan Collection code Home library Current library Date acquired Inventory number Total Checkouts Full call number Barcode Date last seen Price effective from Koha item type
          NON-FICTION AKMAL Melaka AKMAL Melaka 18.05.2017 600060   658 PAR 201704084 18.05.2017 18.05.2017 Book
Pusat Sumber Maklumat Dato' Haji Sarmin Md Hussin, Akademi Kastam Diraja Malaysia, Melaka
Tel: 06-2331106 | Faks: 06-2313787